000 00962njm a22002657a 4500
005 20100913100347.0
007 sd ammalaaahaa
008 100913t xxu||||| |||| 00| 0 hin d
028 _a3AEX. 5230
_bODEON
035 _aGR-03214
040 _aSED/VEN
100 _919606
245 _aMemories of Mukesh :
_h[sound recording] :
_cmusic by Naushad ; lyric by Majrooh
_bA selection of his hindi film songs /
260 _aDum Dum, India
_bODEON
_c1969
300 _a1 sound disc [Gramophone record] :
_banalog, 33.1/3 rpm
_c12 in. (LP)
_fGramophone record
500 _aBrief record.
500 _aODEON
500 _aBlack
505 _aPart 1 Jhoom jhoom ke nacho aaj (Andaz) (Mukesh), Part 2 Suhana safar (Madhumati)
650 _aClassical Music
_xExcerpts
_zIndia
_919607
_vFilmi song
700 _920331
_a Naushad
700 _aMajrooh
_920653
942 _2ddc
_cGR
999 _c46722
_d46722